01356pam a2200337 a 4500999001900000001000800019003000500027005001700032008004100049010001700090020001500107040001800122050002100140082001800161100001700179245009500196260003900291300003500330440007200365500000800437504005300445650002800498650002800526700002700554856008500581856007300666856010400739906004500843942002300888952010700911 c329220d3292202127097Nust20170427113753.0971107s1998 maua b 001 0 eng  a 97043819  a0072890878 aDLCcDLCdDLC00aTD746b.C75 199800a628.3 CRI2211 aCrites, Ron.10aSmall and Decentralized Wastewater Management Systems /cRon Crites, George Tchobanoglous. aBoston :bWCB/McGraw-Hill,cc1998. axix, 1084 p. :bill. ;c25 cm. 0aMcGraw-Hill series in water resources and environmental engineering aP.B aIncludes bibliographical references and indexes. 0aSewage disposal plants. 0aAppropriate technology.1 aTchobanoglous, George.423Publisher descriptionuhttp://www.loc.gov/catdir/description/mh023/97043819.html413Table of contentsuhttp://www.loc.gov/catdir/toc/mh022/97043819.html423Contributor biographical informationuhttp://www.loc.gov/catdir/enhancements/fy0737/97043819-b.html a7bcbccorignewd1eocipf19gy-gencatlg 2ddccBKk628.3 CRI 00102ddc40708NFICaIESEbIESEcGENd2017-04-27l0o628.3 CRIpIESE-893r2017-04-27w2017-04-27yBK